MARC
| LEADER | 00000nam a2200000Ia 4500 | ||
|---|---|---|---|
| 008 | 170330b1973 a ||||| |||| 00| | spa d | ||
| 999 | |c 1177 |d 1177 | ||
| 090 | |a 372 |b D725e3 | ||
| 100 | 1 | |a Dotrens, Robert |9 2647 | |
| 245 | |a La enseñanza individualizada | ||
| 250 | |a Tercera edición | ||
| 260 | |a Buenos Aires, Argentina : |b Kapelusz, |c 1973 | ||
| 300 | |a 168 páginas | ||
| 500 | |a Título de la edición original: L' enseignement individualise | ||
| 650 | 1 | 4 | |a ENSEÑANZA |9 14 |
| 942 | |i 317612 |h 372 D725e3 |2 z |c 01 | ||
